The atonement of Leam Dundas (Record no. 157778)

MARC details
000 -LEADER
campo de control de longitud fija 00663nam a22001935i 4500
001 - NÚMERO DE CONTROL
campo de control 157778
003 - IDENTIFICADOR DE NÚMERO DE CONTROL
campo de control ES-MaACL
005 - FECHA Y HORA DE LA ÚLTIMA TRANSACCIÓN
campo de control 20230906210839.0
008 - DATOS DE LONGITUD FIJA--INFORMACIÓN GENERAL
campo de control de longitud fija 040813s1876 gw |||| | eng d
040 ## - FUENTE DE CATALOGACIÓN
Centro catalogador/agencia de origen CAM
Lengua de catalogación spa
Centro/agencia transcriptor CAM
100 1# - ENTRADA PRINCIPAL--NOMBRE DE PERSONA
Nombre de persona Linton, E. Lynn.
9 (RLIN) 128964
245 14 - MENCIÓN DEL TÍTULO
Título The atonement of Leam Dundas
Resto del título : a novel /
Mención de responsabilidad, etc. by E. Lynn Linton.
260 ## - PUBLICACIÓN, DISTRIBUCIÓN, ETC.
Lugar de publicación, distribución, etc. Leipzig :
Nombre del editor, distribuidor, etc. Berhard Tauchnitz,
Fecha de publicación, distribución, etc. 1876.
300 ## - DESCRIPCIÓN FÍSICA
Extensión 2 v. (320; 303 p.) ;
Dimensiones 16 cm.
490 1# - MENCIÓN DE SERIE
Mención de serie Collection of british authours ;
Designación de volumen o secuencia 1591; 1592
830 0# - PUNTO DE ACCESO ADICIONAL DE SERIE-TÍTULO UNIFORME
Título uniforme Collection of british authours ;
Designación de volumen o secuencia 1591; 1592
9 (RLIN) 188131
852 ## - LOCALIZACIÓN
Ubicación ES-MaACL
Número de control de estantería G-11816
Nota libre -- Enc. hol.
-- -- 2 t. en 1 v.
Holdings
Estatus retirado Estado de pérdida Estado de daño No para préstamo Colección Biblioteca de origen Biblioteca actual Ubicación en estantería Fecha de adquisición Fuente de adquisición Total de préstamos Signatura topográfica completa Código de barras Visto por última vez Precio de reemplazo Tipo de ítem Koha
        Libros del s. XIX Biblioteca del Ateneo de Madrid Biblioteca del Ateneo de Madrid Sala Pecera Planta 3 17/01/2008     G-11816 1165115 23/02/2023 23/02/2023 Libro impreso antiguo